[Event "DEM U10w 2024"]
[Site "Willingen GER"]
[Date "2024.05.21"]
[Round "5"]
[White "Tiuca, Emma"]
[Black "Elsayed Esam, Sally"]
[Result "0-1"]
[Termination "normal"]
[Board "4"]
[WhiteElo "1516"]
[BlackElo "1584"]
[WhiteClock "01:15:05"]
[BlackClock "00:27:30"]
[PlyCount "160"]
[WhiteFideId "4007549"]
[BlackFideId "34662170"]
[EventCountry "GER"]
[EventRounds "11"]
[EventType "swiss"]
[EventDate "2024.05.18"]

1. e4 {[%clk 01:15:57]} {[%emt 00:00:02]} c6 {[%clk 01:15:49]} {[%emt
00:00:11]} 2. Nc3 {[%clk 01:16:14]} {[%emt 00:00:13]} d5 {[%clk 01:16:13]}
{[%emt 00:00:06]} 3. Nf3 {[%clk 01:16:35]} {[%emt 00:00:09]} dxe4 {[%clk
01:16:23]} {[%emt 00:00:21]} 4. Nxe4 {[%clk 01:16:57]} {[%emt 00:00:07]} Nf6
{[%clk 01:16:39]} {[%emt 00:00:15]} 5. Qe2 {[%clk 01:17:14]} {[%emt 00:00:13]}
Nxe4 {[%clk 01:16:37]} {[%emt 00:00:32]} 6. Qxe4 {[%clk 01:17:34]} {[%emt
00:00:09]} e6 {[%clk 01:16:27]} {[%emt 00:00:40]} 7. d4 {[%clk 01:17:49]}
{[%emt 00:00:16]} Bd6 {[%clk 01:16:30]} {[%emt 00:00:27]} 8. Bd3 {[%clk
01:17:51]} {[%emt 00:00:27]} Nd7 {[%clk 01:16:16]} {[%emt 00:00:44]} 9. Bd2
{[%clk 01:17:44]} {[%emt 00:00:37]} Nf6 {[%clk 01:15:32]} {[%emt 00:01:15]} 10.
Qe2 {[%clk 01:18:02]} {[%emt 00:00:09]} a5 {[%clk 01:14:32]} {[%emt 00:01:32]}
11. O-O {[%clk 01:17:54]} {[%emt 00:00:38]} O-O {[%clk 01:14:54]} {[%emt
00:00:09]} 12. Rae1 {[%clk 01:16:57]} {[%emt 00:01:24]} b6 {[%clk 01:14:03]}
{[%emt 00:01:24]} 13. c3 {[%clk 01:17:04]} {[%emt 00:00:23]} Bb7 {[%clk
01:14:19]} {[%emt 00:00:14]} 14. Bg5 {[%clk 01:15:29]} {[%emt 00:02:03]} Be7
{[%clk 01:10:25]} {[%emt 00:04:25]} 15. Ne5 {[%clk 01:14:47]} {[%emt 00:01:11]}
c5 {[%clk 01:09:18]} {[%emt 00:01:38]} 16. dxc5 {[%clk 01:13:04]} {[%emt
00:02:13]} Qd5 {[%clk 01:07:50]} {[%emt 00:01:58]} 17. Nf3 {[%clk 01:10:02]}
{[%emt 00:03:32]} Qxc5 {[%clk 01:06:50]} {[%emt 00:01:31]} 18. Be3 {[%clk
01:10:13]} {[%emt 00:00:16]} Qc7 {[%clk 01:05:06]} {[%emt 00:02:15]} 19. Rd1
{[%clk 01:09:16]} {[%emt 00:01:28]} Ng4 {[%clk 01:04:54]} {[%emt 00:00:43]} 20.
g3 {[%clk 01:04:55]} {[%emt 00:04:50]} Qc6 {[%clk 01:02:15]} {[%emt 00:03:10]}
21. Bd4 {[%clk 01:00:32]} {[%emt 00:04:49]} Qxf3 {[%clk 01:01:09]} {[%emt
00:01:39]} 22. Qxf3 {[%clk 01:00:52]} {[%emt 00:00:10]} Bxf3 {[%clk 01:01:28]}
{[%emt 00:00:11]} 23. Bxb6 {[%clk 01:01:07]} {[%emt 00:00:16]} Bxd1 {[%clk
01:01:40]} {[%emt 00:00:17]} 24. Rxd1 {[%clk 01:01:30]} {[%emt 00:00:06]} Rab8
{[%clk 01:00:43]} {[%emt 00:01:26]} 25. Bxa5 {[%clk 01:01:47]} {[%emt
00:00:16]} Rxb2 {[%clk 01:01:02]} {[%emt 00:00:11]} 26. Rf1 {[%clk 01:01:48]}
{[%emt 00:00:25]} Ra8 {[%clk 01:01:22]} {[%emt 00:00:12]} 27. Bb4 {[%clk
01:02:02]} {[%emt 00:00:17]} Raxa2 {[%clk 01:01:45]} {[%emt 00:00:06]} 28. Bxe7
{[%clk 01:02:13]} {[%emt 00:00:20]} Rxf2 {[%clk 01:01:12]} {[%emt 00:01:03]}
29. Rxf2 {[%clk 01:02:38]} {[%emt 00:00:05]} Rxf2 {[%emt 00:00:08]} 30. c4
{[%emt 00:00:10]} Ra2 {[%clk 01:00:13]} {[%emt 00:01:09]} 31. c5 {[%clk
01:02:58]} {[%emt 00:00:12]} Ne5 {[%clk 01:00:26]} {[%emt 00:00:16]} 32. Be4
{[%clk 01:03:16]} {[%emt 00:00:12]} Ra1+ {[%clk 01:00:24]} {[%emt 00:00:32]}
33. Kg2 {[%clk 01:03:31]} {[%emt 00:00:15]} Rc1 {[%clk 01:00:11]} {[%emt
00:00:42]} 34. Bd6 {[%clk 01:03:42]} {[%emt 00:00:17]} Nc4 {[%clk 00:58:36]}
{[%emt 00:02:09]} 35. Bf4 {[%clk 01:03:22]} {[%emt 00:00:47]} Ra1 {[%clk
00:53:05]} {[%emt 00:06:03]} 36. c6 {[%clk 01:03:24]} {[%emt 00:00:30]} e5
{[%clk 00:46:44]} {[%emt 00:06:52]} 37. c7 {[%clk 01:03:41]} {[%emt 00:00:12]}
Nb6 {[%clk 00:46:50]} {[%emt 00:00:23]} 38. Bxe5 {[%clk 01:03:57]} {[%emt
00:00:15]} Rc1 {[%clk 00:46:36]} {[%emt 00:00:42]} 39. Bb7 {[%clk 01:03:09]}
{[%emt 00:01:20]} Kf8 {[%clk 00:33:05]} {[%emt 00:13:40]} 40. Bf4 {[%clk
01:03:32]} {[%emt 00:00:27]} Rc2+ {[%clk 00:31:58]} {[%emt 00:01:34]} 41. Kh3
{[%clk 01:03:43]} {[%emt 00:00:22]} f6 {[%clk 00:31:39]} {[%emt 00:00:50]} 42.
Be4 {[%clk 01:03:56]} {[%emt 00:00:16]} Rc3 {[%clk 00:31:17]} {[%emt 00:00:48]}
43. Bxh7 {[%clk 01:04:00]} {[%emt 00:00:30]} Nd5 {[%clk 00:31:21]} {[%emt
00:00:26]} 44. Bd6+ {[%clk 01:04:03]} {[%emt 00:00:29]} Kf7 {[%clk 00:30:52]}
{[%emt 00:00:57]} 45. Bf5 {[%clk 01:04:18]} {[%emt 00:00:13]} Nxc7 {[%clk
00:31:07]} {[%emt 00:00:17]} 46. Bxc7 {[%clk 01:04:28]} {[%emt 00:00:22]} Rxc7
{[%clk 00:31:31]} {[%emt 00:00:06]} 47. Kg4 {[%clk 01:04:42]} {[%emt 00:00:14]}
g5 {[%clk 00:30:42]} {[%emt 00:01:19]} 48. h4 {[%clk 01:04:45]} {[%emt
00:00:26]} gxh4 {[%clk 00:30:26]} {[%emt 00:00:47]} 49. Kxh4 {[%clk 01:05:05]}
{[%emt 00:00:10]} Kg7 {[%clk 00:28:51]} {[%emt 00:02:05]} 50. g4 {[%clk
01:05:26]} {[%emt 00:00:10]} Kh6 {[%clk 00:28:39]} {[%emt 00:00:41]} 51. Kg3
{[%clk 01:05:50]} {[%emt 00:00:06]} Kg5 {[%clk 00:28:35]} {[%emt 00:00:34]} 52.
Kf3 {[%clk 01:06:09]} {[%emt 00:00:08]} Re7 {[%clk 00:27:59]} {[%emt 00:01:08]}
53. Kg3 {[%clk 01:06:22]} {[%emt 00:00:17]} Re3+ {[%clk 00:28:07]} {[%emt
00:00:20]} 54. Kf2 {[%clk 01:06:44]} {[%emt 00:00:12]} Kf4 {[%clk 00:28:15]}
{[%emt 00:00:22]} 55. Bc8 {[%clk 01:07:02]} {[%emt 00:00:11]} Rc3 {[%clk
00:28:09]} {[%emt 00:00:36]} 56. Bd7 {[%clk 01:07:15]} {[%emt 00:00:16]} Rc2+
{[%clk 00:28:02]} {[%emt 00:00:36]} 57. Ke1 {[%clk 01:07:12]} {[%emt 00:00:35]}
Rh2 {[%clk 00:27:47]} {[%emt 00:00:43]} 58. Kd1 {[%clk 01:07:12]} {[%emt
00:00:31]} Rg2 {[%clk 00:24:32]} {[%emt 00:03:44]} 59. Bf5 {[%clk 01:07:15]}
{[%emt 00:00:29]} Rxg4 {[%clk 00:23:22]} {[%emt 00:01:40]} 60. Bxg4 {[%clk
01:07:32]} {[%emt 00:00:13]} Kxg4 {[%clk 00:23:39]} {[%emt 00:00:13]} 61. Ke2
{[%emt 00:00:28]} f5 {[%clk 00:21:43]} {[%emt 00:02:03]} 62. Kf2 {[%clk
01:08:10]} {[%emt 00:00:17]} Kf4 {[%clk 00:22:03]} {[%emt 00:00:10]} 63. Ke2
{[%clk 01:08:28]} {[%emt 00:00:12]} Kg3 {[%clk 00:22:22]} {[%emt 00:00:11]} 64.
Ke3 {[%clk 01:08:50]} {[%emt 00:00:07]} f4+ {[%clk 00:22:42]} {[%emt 00:00:11]}
65. Ke2 {[%clk 01:09:13]} {[%emt 00:00:04]} Kg2 {[%clk 00:23:02]} {[%emt
00:00:13]} 66. Ke1 {[%clk 01:09:34]} {[%emt 00:00:07]} f3 {[%clk 00:23:30]}
{[%emt 00:00:05]} 67. Kd2 {[%clk 01:09:57]} {[%emt 00:00:07]} f2 {[%clk
00:23:54]} {[%emt 00:00:07]} 68. Ke3 {[%clk 01:10:22]} {[%emt 00:00:05]} f1=Q
{[%clk 00:24:30]} {[%emt 00:00:24]} 69. Ke4 {[%clk 01:11:17]} {[%emt 00:00:03]}
Qf2 {[%clk 00:24:50]} {[%emt 00:00:11]} 70. Kd3 {[%clk 01:11:38]} {[%emt
00:00:08]} Kg3 {[%clk 00:24:38]} {[%emt 00:00:43]} 71. Ke4 {[%clk 01:11:59]}
{[%emt 00:00:09]} Qf4+ {[%clk 00:24:58]} {[%emt 00:00:10]} 72. Kd3 {[%clk
01:12:21]} {[%emt 00:00:07]} Kf3 {[%clk 00:24:53]} {[%emt 00:00:35]} 73. Kc3
{[%clk 01:12:42]} {[%emt 00:00:08]} Qe4 {[%clk 00:25:16]} {[%emt 00:00:09]} 74.
Kd2 {[%clk 01:13:00]} {[%emt 00:00:11]} Qe3+ {[%clk 00:25:37]} {[%emt
00:00:10]} 75. Kc2 {[%clk 01:13:22]} {[%emt 00:00:08]} Ke2 {[%clk 00:25:52]}
{[%emt 00:00:16]} 76. Kb2 {[%clk 01:13:43]} {[%emt 00:00:09]} Qd3 {[%clk
00:26:08]} {[%emt 00:00:14]} 77. Kc1 {[%clk 01:13:53]} {[%emt 00:00:20]} Qd2+
{[%clk 00:26:23]} {[%emt 00:00:14]} 78. Kb1 {[%clk 01:14:17]} {[%emt 00:00:06]}
Kd3 {[%clk 00:26:41]} {[%emt 00:00:12]} 79. Ka1 {[%clk 01:14:43]} {[%emt
00:00:05]} Kc3 {[%clk 00:27:03]} {[%emt 00:00:08]} 80. Kb1 {[%clk 01:15:05]}
{[%emt 00:00:08]} Qb2# {[%clk 00:27:30]} {[%emt 00:00:04]} 0-1

[Event "DEM U10w 2024"]
[Site "Willingen GER"]
[Date "2024.05.21"]
[Round "5"]
[White "Hleizer, Ahata"]
[Black "Mandziuk, Varvara"]
[Result "0-1"]
[Termination "normal"]
[Board "5"]
[WhiteElo "1610"]
[BlackElo "1146"]
[WhiteClock "00:43:13"]
[BlackClock "00:37:34"]
[PlyCount "96"]
[WhiteFideId "34643370"]
[BlackFideId "34638016"]
[EventCountry "GER"]
[EventRounds "11"]
[EventType "swiss"]
[EventDate "2024.05.18"]

1. e4 {[%clk 01:15:57]} {[%emt 00:00:02]} e5 {[%clk 01:15:53]} {[%emt
00:00:08]} 2. Nf3 {[%clk 01:16:17]} {[%emt 00:00:09]} Nc6 {[%clk 01:16:14]}
{[%emt 00:00:10]} 3. Nc3 {[%clk 01:16:28]} {[%emt 00:00:18]} Nf6 {[%clk
01:16:31]} {[%emt 00:00:13]} 4. d4 {[%clk 01:16:40]} {[%emt 00:00:17]} exd4
{[%clk 01:16:52]} {[%emt 00:00:10]} 5. Nxd4 {[%clk 01:16:54]} {[%emt 00:00:15]}
Bb4 {[%clk 01:16:21]} {[%emt 00:01:02]} 6. Nxc6 {[%clk 01:17:01]} {[%emt
00:00:22]} bxc6 {[%clk 01:16:36]} {[%emt 00:00:16]} 7. Bd3 {[%clk 01:16:45]}
{[%emt 00:00:45]} O-O {[%clk 01:16:06]} {[%emt 00:01:01]} 8. Bg5 {[%clk
01:16:04]} {[%emt 00:01:11]} Re8 {[%clk 01:11:30]} {[%emt 00:05:07]} 9. O-O
{[%clk 01:15:26]} {[%emt 00:01:07]} d6 {[%clk 01:11:11]} {[%emt 00:00:50]} 10.
Qf3 {[%clk 01:12:27]} {[%emt 00:03:28]} Bxc3 {[%clk 01:09:37]} {[%emt
00:02:05]} 11. bxc3 {[%clk 01:12:29]} {[%emt 00:00:27]} Re6 {[%clk 01:09:01]}
{[%emt 00:01:04]} 12. Rad1 {[%clk 01:10:07]} {[%emt 00:02:53]} Bb7 {[%clk
01:07:50]} {[%emt 00:01:42]} 13. Bc4 {[%clk 01:05:00]} {[%emt 00:05:36]} d5
{[%clk 01:02:34]} {[%emt 00:05:47]} 14. Bd3 {[%clk 01:04:09]} {[%emt 00:01:20]}
dxe4 {[%clk 00:59:02]} {[%emt 00:04:03]} 15. Bxe4 {[%clk 01:04:21]} {[%emt
00:00:18]} Qe7 {[%clk 00:58:43]} {[%emt 00:00:50]} 16. Bf5 {[%clk 00:59:53]}
{[%emt 00:04:57]} Re5 {[%clk 00:52:20]} {[%emt 00:06:49]} 17. Bxf6 {[%clk
00:58:47]} {[%emt 00:01:38]} Qxf6 {[%clk 00:51:22]} {[%emt 00:01:29]} 18. Be4
{[%clk 00:56:21]} {[%emt 00:02:55]} Rae8 {[%clk 00:45:44]} {[%emt 00:06:09]}
19. Qxf6 {[%clk 00:51:30]} {[%emt 00:05:21]} gxf6 {[%clk 00:46:05]} {[%emt
00:00:10]} 20. Rb1 {[%clk 00:51:46]} {[%emt 00:00:13]} Ba6 {[%clk 00:45:57]}
{[%emt 00:00:39]} 21. Bd3 {[%clk 00:51:50]} {[%emt 00:00:25]} Bxd3 {[%clk
00:45:50]} {[%emt 00:00:38]} 22. cxd3 {[%clk 00:51:55]} {[%emt 00:00:25]} Re2
{[%clk 00:44:10]} {[%emt 00:02:10]} 23. a4 {[%clk 00:51:11]} {[%emt 00:01:13]}
a5 {[%clk 00:43:39]} {[%emt 00:01:02]} 24. Rb7 {[%clk 00:50:41]} {[%emt
00:00:59]} R8e7 {[%clk 00:41:24]} {[%emt 00:02:45]} 25. Ra7 {[%clk 00:48:18]}
{[%emt 00:02:54]} R2e5 {[%clk 00:40:52]} {[%emt 00:01:00]} 26. d4 {[%clk
00:47:46]} {[%emt 00:01:11]} Rd5 {[%clk 00:41:01]} {[%emt 00:00:19]} 27. h3
{[%clk 00:47:30]} {[%emt 00:00:48]} Red7 {[%clk 00:40:21]} {[%emt 00:01:09]}
28. Ra6 {[%clk 00:47:06]} {[%emt 00:00:54]} R7d6 {[%clk 00:40:40]} {[%emt
00:00:12]} 29. Re1 {[%clk 00:46:57]} {[%emt 00:00:38]} Kf8 {[%clk 00:40:48]}
{[%emt 00:00:17]} 30. Rb1 {[%clk 00:46:21]} {[%emt 00:01:12]} Ke7 {[%clk
00:41:09]} {[%emt 00:00:10]} 31. Rb7 {[%clk 00:45:54]} {[%emt 00:00:56]} f5
{[%clk 00:35:53]} {[%emt 00:05:46]} 32. Rxc7+ {[%clk 00:45:31]} {[%emt
00:00:52]} Rd7 {[%clk 00:35:40]} {[%emt 00:00:44]} 33. Rcxc6 {[%clk 00:45:05]}
{[%emt 00:00:56]} Rb7 {[%clk 00:35:42]} {[%emt 00:00:24]} 34. Rab6 {[%clk
00:43:45]} {[%emt 00:01:54]} Rxb6 {[%clk 00:35:56]} {[%emt 00:00:16]} 35. Rxb6
{[%clk 00:44:06]} {[%emt 00:00:09]} f4 {[%clk 00:36:07]} {[%emt 00:00:19]} 36.
Rh6 {[%clk 00:44:01]} {[%emt 00:00:35]} Rg5 {[%clk 00:36:12]} {[%emt 00:00:23]}
37. Rxh7 {[%clk 00:43:55]} {[%emt 00:00:37]} Rf5 {[%clk 00:36:05]} {[%emt
00:00:37]} 38. h4 {[%clk 00:43:51]} {[%emt 00:00:34]} f3 {[%clk 00:36:31]}
{[%emt 00:00:05]} 39. g3 {[%clk 00:44:09]} {[%emt 00:00:11]} Rf6 {[%clk
00:36:35]} {[%emt 00:00:27]} 40. c4 {[%clk 00:43:54]} {[%emt 00:00:45]} Re6
{[%clk 00:36:46]} {[%emt 00:00:18]} 41. Rh5 {[%clk 00:43:50]} {[%emt 00:00:33]}
Re1+ {[%clk 00:36:03]} {[%emt 00:01:15]} 42. Kh2 {[%clk 00:44:08]} {[%emt
00:00:11]} Rf1 {[%clk 00:36:29]} {[%emt 00:00:05]} 43. Rxa5 {[%clk 00:44:09]}
{[%emt 00:00:29]} Rxf2+ {[%clk 00:36:53]} {[%emt 00:00:05]} 44. Kh3 {[%clk
00:44:19]} {[%emt 00:00:19]} Rd2 {[%clk 00:36:10]} {[%emt 00:01:14]} 45. d5
{[%clk 00:43:26]} {[%emt 00:01:24]} Rd1 {[%clk 00:36:30]} {[%emt 00:00:08]} 46.
Kh2 {[%clk 00:43:06]} {[%emt 00:00:52]} f2 {[%clk 00:36:49]} {[%emt 00:00:11]}
47. Kg2 {[%clk 00:43:23]} {[%emt 00:00:12]} f1=Q+ {[%clk 00:37:10]} {[%emt
00:00:10]} 48. Kh2 {[%clk 00:43:13]} {[%emt 00:00:40]} Rd2# {[%clk 00:37:34]}
{[%emt 00:00:07]} 0-1

[Event "DEM U10w 2024"]
[Site "Willingen GER"]
[Date "2024.05.21"]
[Round "5"]
[White "Tadic, Lena"]
[Black "Lukas, Olivia"]
[Result "0-1"]
[Termination "normal"]
[Board "6"]
[WhiteElo "980"]
[BlackElo "1569"]
[WhiteClock "01:16:43"]
[BlackClock "01:12:45"]
[PlyCount "102"]
[WhiteFideId "34687300"]
[BlackFideId "34632239"]
[EventCountry "GER"]
[EventRounds "11"]
[EventType "swiss"]
[EventDate "2024.05.18"]

1. e4 {[%clk 01:15:58]} e5 {[%clk 01:15:56]} {[%emt 00:00:05]} 2. Nf3 {[%clk
01:16:20]} {[%emt 00:00:07]} Nc6 {[%clk 01:16:22]} {[%emt 00:00:05]} 3. Nc3
{[%clk 01:16:45]} {[%emt 00:00:05]} Bc5 {[%clk 01:16:46]} {[%emt 00:00:06]} 4.
Nxe5 {[%clk 01:17:01]} {[%emt 00:00:14]} Nxe5 {[%clk 01:16:21]} {[%emt
00:00:55]} 5. d4 {[%clk 01:17:21]} {[%emt 00:00:09]} Bd6 {[%clk 01:16:48]}
{[%emt 00:00:04]} 6. dxe5 {[%clk 01:17:35]} {[%emt 00:00:16]} Bxe5 {[%clk
01:17:15]} {[%emt 00:00:04]} 7. Bd2 {[%clk 01:17:27]} {[%emt 00:00:37]} d6
{[%clk 01:17:39]} {[%emt 00:00:06]} 8. Bc4 {[%clk 01:17:34]} {[%emt 00:00:23]}
Nf6 {[%clk 01:18:01]} {[%emt 00:00:08]} 9. Qe2 {[%clk 01:17:08]} {[%emt
00:00:55]} a6 {[%clk 01:17:54]} {[%emt 00:00:38]} 10. O-O-O {[%clk 01:16:57]}
{[%emt 00:00:41]} b5 {[%clk 01:18:05]} {[%emt 00:00:19]} 11. Bb3 {[%clk
01:16:45]} {[%emt 00:00:42]} c5 {[%clk 01:18:08]} {[%emt 00:00:27]} 12. f4
{[%clk 01:15:50]} {[%emt 00:01:25]} Bg4 {[%clk 01:17:45]} {[%emt 00:00:54]} 13.
Qd3 {[%clk 01:15:46]} {[%emt 00:00:34]} c4 {[%clk 01:17:39]} {[%emt 00:00:37]}
14. Qg3 {[%clk 01:14:55]} {[%emt 00:01:18]} Bxf4 {[%clk 01:15:01]} {[%emt
00:03:09]} 15. Bxf4 {[%clk 01:14:47]} {[%emt 00:00:38]} Bxd1 {[%clk 01:15:22]}
{[%emt 00:00:09]} 16. Rxd1 {[%clk 01:14:56]} {[%emt 00:00:22]} Nh5 {[%clk
01:11:59]} {[%emt 00:03:53]} 17. Qf3 {[%clk 01:14:49]} {[%emt 00:00:33]} Nxf4
{[%clk 01:11:33]} {[%emt 00:01:00]} 18. Qxf4 {[%clk 01:15:11]} {[%emt
00:00:08]} Qf6 {[%clk 01:10:28]} {[%emt 00:01:35]} 19. Qg3 {[%clk 01:13:38]}
{[%emt 00:02:01]} O-O-O {[%clk 01:09:11]} {[%emt 00:01:49]} 20. Nd5 {[%clk
01:13:12]} {[%emt 00:00:56]} Qe5 {[%clk 01:06:12]} {[%emt 00:03:29]} 21. Qxe5
{[%clk 01:12:32]} {[%emt 00:01:10]} dxe5 {[%clk 01:06:22]} {[%emt 00:00:20]}
22. Ne7+ {[%clk 01:12:23]} {[%emt 00:00:39]} Kb7 {[%clk 01:06:23]} {[%emt
00:00:29]} 23. a3 {[%clk 01:12:14]} {[%emt 00:00:39]} Rxd1+ {[%clk 01:06:39]}
{[%emt 00:00:14]} 24. Kxd1 {[%clk 01:12:38]} {[%emt 00:00:07]} cxb3 {[%clk
01:07:05]} {[%emt 00:00:04]} 25. cxb3 {[%clk 01:12:59]} {[%emt 00:00:09]} g6
{[%clk 01:07:11]} {[%emt 00:00:24]} 26. Ke2 {[%clk 01:13:11]} {[%emt 00:00:17]}
Re8 {[%clk 01:07:13]} {[%emt 00:00:28]} 27. Nd5 {[%clk 01:13:22]} {[%emt
00:00:19]} Rc8 {[%clk 01:07:20]} {[%emt 00:00:24]} 28. Kd2 {[%clk 01:13:22]}
{[%emt 00:00:30]} f5 {[%clk 01:07:33]} {[%emt 00:00:17]} 29. Nf6 {[%clk
01:13:07]} {[%emt 00:00:45]} fxe4 {[%clk 01:06:45]} {[%emt 00:01:18]} 30. Nxe4
{[%clk 01:13:00]} {[%emt 00:00:37]} Kc6 {[%clk 01:06:42]} {[%emt 00:00:33]} 31.
Nf6 {[%clk 01:12:40]} {[%emt 00:00:48]} Kc5 {[%clk 01:07:01]} {[%emt 00:00:11]}
32. Nd7+ {[%clk 01:12:42]} {[%emt 00:00:28]} Kd4 {[%clk 01:06:55]} {[%emt
00:00:37]} 33. Nb6 {[%clk 01:12:24]} {[%emt 00:00:47]} Rd8 {[%clk 01:07:11]}
{[%emt 00:00:14]} 34. Ke2 {[%clk 01:12:16]} {[%emt 00:00:38]} Kc5 {[%clk
01:07:23]} {[%emt 00:00:19]} 35. a4 {[%clk 01:12:16]} {[%emt 00:00:30]} Kxb6
{[%clk 01:07:47]} {[%emt 00:00:06]} 36. axb5 {[%clk 01:12:35]} {[%emt
00:00:10]} axb5 {[%clk 01:08:09]} {[%emt 00:00:08]} 37. Ke3 {[%clk 01:12:59]}
{[%emt 00:00:06]} Rd4 {[%clk 01:08:31]} {[%emt 00:00:09]} 38. g3 {[%clk
01:13:08]} {[%emt 00:00:20]} Ka5 {[%clk 01:08:55]} {[%emt 00:00:07]} 39. h4
{[%clk 01:13:23]} {[%emt 00:00:15]} Kb4 {[%clk 01:09:15]} {[%emt 00:00:10]} 40.
Kf3 {[%clk 01:13:34]} {[%emt 00:00:17]} Kxb3 {[%clk 01:09:29]} {[%emt
00:00:17]} 41. g4 {[%clk 01:13:56]} {[%emt 00:00:07]} Kxb2 {[%clk 01:09:45]}
{[%emt 00:00:15]} 42. h5 {[%clk 01:14:15]} {[%emt 00:00:11]} gxh5 {[%clk
01:10:11]} {[%emt 00:00:04]} 43. gxh5 {[%clk 01:14:34]} {[%emt 00:00:11]} b4
{[%clk 01:10:24]} {[%emt 00:00:17]} 44. Ke3 {[%clk 01:14:59]} {[%emt 00:00:04]}
b3 {[%clk 01:10:50]} {[%emt 00:00:05]} 45. Ke2 {[%clk 01:15:19]} {[%emt
00:00:10]} Kc3 {[%clk 01:11:15]} {[%emt 00:00:06]} 46. Ke3 {[%clk 01:15:42]}
{[%emt 00:00:06]} b2 {[%clk 01:11:41]} {[%emt 00:00:04]} 47. Kf3 {[%clk
01:15:47]} {[%emt 00:00:18]} b1=Q {[%clk 01:11:54]} {[%emt 00:00:24]} 48. Ke3
{[%clk 01:16:07]} {[%emt 00:00:10]} Re4 {[%clk 01:11:53]} {[%emt 00:00:32]} 49.
Kf2 {[%clk 01:16:19]} {[%emt 00:00:17]} Qd3 {[%clk 01:12:18]} {[%emt 00:00:04]}
50. h6 {[%clk 01:16:43]} {[%emt 00:00:07]} Re2+ {[%clk 01:12:45]} {[%emt
00:00:03]} 51. Kf1 {[%emt 00:00:18]} Qd1# {[%emt 00:00:10]} 0-1